|
|
|
|
| LEADER |
00000nab a2200000 a 4500 |
| 001 |
vtls000777062 |
| 003 |
SK-MaSNL |
| 005 |
20260304224703.0 |
| 008 |
180206c2001 xo 0 slo |
| 015 |
|
|
|a SNBRB2001/12-34744
|
| 035 |
|
|
|a CLN000128848
|
| 040 |
|
|
|a SNKBUCL
|b slo
|c SNKBUCL
|e AACR2
|
| 041 |
0 |
|
|a slo
|
| 044 |
|
|
|a xo
|c SK
|
| 080 |
|
|
|a 351.773(437.6):340.13
|2 UDC-MRF-SK2
|
| 080 |
|
|
|a 614.3(437.6):340.13
|2 UDC-MRF-SK2
|
| 100 |
1 |
|
|a Verešpejová, Adriana
|4 ain
|9 839199
|
| 245 |
1 |
0 |
|a Doterajšiu predbežnú kontrolu vystrieda kontrola výrobkov na trhu
|b rn hovorili s Petrom Turekom ...
|c [zhovárala sa] Adriana Verešpejová
|
| 650 |
0 |
7 |
|a potraviny
|x kvalita
|x kontrola
|z Slovensko
|x legislatíva
|2 snkbucl
|9 1560100
|
| 650 |
0 |
7 |
|a kvalita
|2 snkbucl
|9 1150
|
| 655 |
|
7 |
|a články z novín a časopisov
|2 snkbucl
|9 267496
|
| 700 |
1 |
|
|a Turek, Peter,
|d 1951-
|4 aut
|4 uin
|9 216323
|
| 773 |
0 |
|
|t Roľnícke noviny
|g Č. 211 (31.10.2001), s. 1 a 5
|
| 850 |
|
|
|a Slovenská národná knižnica v Martine
|
| 852 |
|
|
|a SNK
|b KIS3GCP
|
| 958 |
|
|
|a RBX
|
| 999 |
|
|
|c 3173721
|d 3175651
|